| 000 | 01469cas a22003017a 4500 | ||
|---|---|---|---|
| 999 |
_c354628 _d354628 |
||
| 001 | 128924 | ||
| 003 | UA-OsUOA | ||
| 005 | 20231020113414.0 | ||
| 007 | ta | ||
| 008 | 201802c2001 un mr|p||00| 0 ukr dukr d | ||
| 040 |
_aUA-OsUOA _bukr _cUA-OsUOA _dUA-OsUOA |
||
| 041 | _aukr | ||
| 044 | _aUA | ||
| 080 | _a61 | ||
| 090 |
_a61 _bЗ-41 |
||
| 099 | _a21710 | ||
| 110 | _aМіністерство охорони здоров'я України, Департамент охорони здоров'я виконавчого органу Київської міської ради (Київської міської адміністрації), Київський міський науковий інформаійно-аналітичний центр медичної статистики | ||
| 245 |
_aЗбірник нормативно-директивних документів з охорони здоров'я _bвиробничо-практичний журнал _cред. Петравчук Л. В. |
||
| 260 |
_aК. _bЛино |
||
| 310 | _aщомісяця | ||
| 520 | _aПрофесійний журнал для головних лікарів, їх заступників та інших фахівців системи охорони здоров'я | ||
| 650 | 7 |
_a61 Медичні науки _2UDC |
|
| 942 |
_cMG _2udc _s1 |
||
| 955 | _a1 | ||
| 962 | _d2001 | ||